000 00630cam a2200145 4500500
005 20251228083050.0
041 _afre
042 _adc
100 1 0 _aDecroisette, Françoise
_eauthor
245 0 0 _aGiambattista Guarini, Il Compendio della Poesia tragicomica [De la poésie tragi-comique], texte présenté, traduit et annoté par Laurence Giavarini, Paris, Honoré Champion, 2008, 416 p.
260 _c2013.
500 _a13
786 0 _nDix-septième siècle | 258 | 1 | 2013-03-20 | p. 157a-160a | 0012-4273
856 4 1 _uhttps://shs.cairn.info/revue-dix-septieme-siecle-2013-1-page-157a?lang=fr&redirect-ssocas=7080
999 _c1600474
_d1600474